[Event "HZ Open"]
[Site "Vlissingen NED"]
[Date "2007.08.05"]
[Round "2"]
[White "Baekelant,E"]
[Black "Jap Tjoen San,L"]
[Result "1-0"]
[WhiteElo "1970"]
[BlackElo "2199"]

1.Nf3 d5 2.g3 Nf6 3.Bg2 g6 4.O-O Bg7 5.d3 O-O 6.Nbd2 Nc6 7.e4 dxe4 8.dxe4 e5
9.c3 Qe7 10.Qc2 h6 11.b3 Rd8 12.a4 Be6 13.Ba3 Qd7 14.Rfe1 a6 15.Bf1 Nh5 16.Rad1 Bh3
17.Nc4 Qg4 18.Ne3 Qe6 19.Bc4 Qf6 20.Nh4 Nf4 21.Nhg2 Nxg2 22.Nxg2 Na5 23.Bf1 Be6
24.b4 Rxd1 25.Qxd1 Rd8 26.Qc2 Nc4 27.Bc1 b5 28.Ne3 Nxe3 29.Bxe3 c6 30.c4 Bf8
31.c5 Bg4 32.a5 Rd7 33.Be2 Bxe2 34.Rxe2 Qf3 35.Bc1 Rd4 36.Bb2 Rc4 37.Qd2 Rxe4
38.Rxe4 Qxe4 39.Qc3 Bg7 40.Qd2 Kh7 41.Bc3 Qf3 42.Qe1 Qd5 43.Qe2 f6 44.Bd2 Kg8
45.g4 Kf7 46.h4 e4 47.Kh2 f5 48.gxf5 Qxf5 49.Be1 Qf4+ 50.Kg2 Be5 51.Qa2+ Ke7
52.Qg8 Qg4+ 53.Kf1 Qh3+ 54.Kg1 Qg4+ 55.Kh1 h5 56.Qh7+ Ke6 57.Qg8+ Kf5 58.Qf7+ Bf6
59.Qd7+ Kf4 60.Qd2+ Kf3 61.Qe3+  1-0

[Event "Open"]
[Site "Dubna RUS"]
[Date "2007.08.06"]
[Round "4"]
[White "Tkachenko,Evgeny"]
[Black "Grigoryeva,O2"]
[Result "1-0"]
[WhiteElo "2163"]
[BlackElo "1892"]

1.Nf3 d5 2.g3 c6 3.Bg2 g6 4.O-O Bg7 5.d3 Nf6 6.c4 O-O 7.Nc3 b6 8.Bg5 Bb7
9.Qc1 Nbd7 10.Bh6 e5 11.Bxg7 Kxg7 12.Qc2 Ne8 13.Nd2 Nc7 14.b4 d4 15.Ncb1 Qb8
16.c5 Nd5 17.Bxd5 cxd5 18.c6 Qc7 19.b5 Nf6 20.Qb2 Bc8 21.Kg2 Qd6 22.Nf3 Re8
23.a4 Bg4 24.Ng1 Qc7 25.Na3 a5 26.Nb1 Re7 27.Nd2 Ne8 28.Nb3 Qd6 29.Qa3 Qd8
30.Rfc1 Nc7 31.Rc2 g5 32.Rac1 f5 33.Nc5 f4 34.Nd7 Bxd7 35.cxd7 Rxd7 36.Nf3 Re7
37.Qxe7+ Qxe7 38.Rxc7 Ra7 39.Rxe7+ Rxe7 40.Nxg5 fxg3 41.hxg3 e4 42.Rc6 exd3
43.exd3 Re1 44.Rxb6 Rd1 45.Ne6+ Kf7 46.Nf4 Ra1 47.Ra6 Rxa4 48.Nxd5 Ra3 49.b6  1-0

[Event "FIDE Cup"]
[Site "Olomouc CZE"]
[Date "2007.08.06"]
[Round "7"]
[White "Parligras,C"]
[Black "Brooke,J ENG"]
[Result "1-0"]
[WhiteElo "2255"]
[BlackElo "1887"]

1.Nf3 d5 2.g3 Nf6 3.Bg2 Bg4 4.c4 e6 5.Qb3 Qc8 6.d3 Nbd7 7.cxd5 exd5 8.Bf4 c6
9.O-O Be7 10.Nc3 O-O 11.Rfe1 Re8 12.Rac1 Nc5 13.Qc2 Bh3 14.Bh1 Ne6 15.Bd2 Qd7
16.a3 Rad8 17.b4 a6 18.Rcd1 Qc7 19.Qb2 Bd6 20.e3 Ng4 21.Ne2 f6 22.Nf4 Bxf4
23.exf4 Qf7 24.Re2 Re7 25.Bg2 Bxg2 26.Kxg2 Rde8 27.Rde1 Qh5 28.h3 Nh6 29.Be3 Nf5
30.Bc1 Qf7 31.g4 Nd6 32.f5 Nf8 33.Re3 Nd7 34.Qd4 Nb5 35.Qf4 Nb6 36.Bb2 h6
37.Nh4 Na4 38.Rxe7 Rxe7 39.Qb8+ Qf8 40.Qxf8+ Kxf8 41.Ng6+ Kg8 42.Rxe7 Nxb2
43.Re8+ Kf7 44.Rf8+  1-0

[Event "Proclient Cup IMA"]
[Site "Olomouc CZE"]
[Date "2007.08.06"]
[Round "8"]
[White "Tibensky,R"]
[Black "Butuc,M"]
[Result "1-0"]
[WhiteElo "2433"]
[BlackElo "2082"]

1.Nf3 d5 2.g3 Nf6 3.Bg2 Bf5 4.O-O h6 5.c4 c6 6.cxd5 cxd5 7.Qb3 b6 8.Nc3 e6
9.d3 Nbd7 10.e4 dxe4 11.dxe4 Bg4 12.e5 Bxf3 13.Bxf3 Nxe5 14.Qa4+ Nfd7 15.Bxa8 Qxa8
16.Qe4 Qxe4 17.Nxe4 Nc5 18.Nxc5 Bxc5 19.Rd1 g5 20.Kg2 Ke7 21.b3 Rc8 22.Bb2 Ng4
23.Bd4 Ba3 24.h3 Nf6 25.Bxf6+ Kxf6 26.Rd2 a5 27.Rad1 Bb4 28.Re2 Ke7 29.Rd4 Rc1
30.h4 Rc5 31.Rde4 Rd5 32.Re5 Rxe5 33.Rxe5 f6 34.Re2 h5 35.hxg5 fxg5 36.Re4 Kf6
37.f4 gxf4 38.Rxf4+ Kg5 39.Re4 Kf5 40.Kf3 Bd6 41.Rh4 Kg5 42.Rd4 Be5 43.Rd7 Kf5
44.Rb7 Bd4 45.Rb8 e5 46.Rf8+ Kg5 47.Ke4 Bc3 48.Rg8+ Kf6 49.g4 hxg4 50.Rxg4 Bd4
51.Rg2 Bc5 52.Rh2 Bd4 53.Rh6+ Kf7 54.Kd5 Ke7 55.a3 Kf7 56.Re6 Kf8 57.b4 axb4
58.axb4 Kf7 59.Rxe5 Bxe5 60.Kxe5 Ke7 61.Kd5 Kd7 62.b5  1-0

[Event "Open"]
[Site "Dubna RUS"]
[Date "2007.08.07"]
[Round "6"]
[White "Burkov,G"]
[Black "Makarov,Al"]
[Result "1-0"]
[WhiteElo "2149"]
[BlackElo "2254"]

1.Nf3 d5 2.g3 Bf5 3.Bg2 Nd7 4.d3 e5 5.O-O Ngf6 6.Nbd2 Bc5 7.c4 c6 8.cxd5 cxd5
9.d4 exd4 10.Nb3 d3 11.exd3 O-O 12.h3 Rc8 13.Nh4 Be6 14.Nxc5 Nxc5 15.b4 Ncd7
16.Be3 Qe7 17.a3 Rc7 18.f4 Bxh3 19.Bd4 Bxg2 20.Kxg2 Rfc8 21.Re1 Rc2+ 22.Kg1 Qd8
23.Nf5 Kh8 24.Nd6 Qc7 25.Nxc8 Qxc8 26.Rc1 Rxc1 27.Qxc1 Qb8 28.Qe3 h5 29.Qe7 Kg8
30.Rc1 b5 31.Bxf6 Qb6+ 32.Kg2 Qxf6 33.Rc8+ Kh7 34.Qxd7  1-0

[Event "IM"]
[Site "Dubna RUS"]
[Date "2007.08.07"]
[Round "10"]
[White "Bezgodova,S"]
[Black "Gunina,V"]
[Result "1/2-1/2"]
[WhiteElo "2266"]
[BlackElo "2361"]

1.Nf3 d5 2.g3 Nf6 3.Bg2 Bg4 4.O-O c6 5.d3 Nbd7 6.c4 e5 7.cxd5 cxd5 8.Qa4 Bd6
9.h3 Bh5 10.Nc3 O-O 11.Bg5 Qb6 12.Qb5 e4 13.Qxb6 Nxb6 14.Nd4 Be5 15.Be3 Rfe8
16.Rfe1 Bg6 17.Bf1 Nfd7 18.Kg2 h6 19.Rad1 Rac8 20.f4 exf3+ 21.exf3 Nc5 22.Ndb5 Nca4
23.Nxa7 Ra8 24.Bxb6 Bxc3 25.Rxe8+ Rxe8 26.bxc3 Nxb6 27.Nb5 Ra8 28.Rd2 Ra5
29.d4 Bb1 30.Rb2 Bxa2 31.Nd6 Nc4 32.Bxc4 Bxc4 33.Rxb7 Ra2+ 34.Kg1 Ra1+ 35.Kf2 Ra2+
36.Ke3 Rc2 37.Rb8+ Kh7 38.Nxf7 g5 39.f4 gxf4+ 40.gxf4 Rxc3+ 41.Kf2 Kg6 42.Nd6 Rxh3
43.Nxc4 dxc4 44.Rc8 c3 45.Rc5 h5 46.Kg2 Rd3 47.Rg5+ Kh6 48.Rc5 h4 49.d5 Kg6
50.d6 Kf6 51.f5 Kf7 52.Rc7+ Kf6 53.Rc5 Rg3+ 54.Kh2 Rf3 55.Kg2 Rd3 56.Rc4 h3+
57.Kh2 Kf7 58.Rc7+ Kf6  1/2-1/2

[Event "Open"]
[Site "Kavala GRE"]
[Date "2007.08.07"]
[Round "4"]
[White "Managadze,N"]
[Black "Mastrovasilis,D"]
[Result "0-1"]
[WhiteElo "2433"]
[BlackElo "2541"]

1.Nf3 d5 2.g3 c6 3.Bg2 Bg4 4.O-O Nd7 5.d3 Ngf6 6.Nbd2 e5 7.h3 Bh5 8.e4 dxe4
9.Nxe4 Nxe4 10.dxe4 Be7 11.Qe2 O-O 12.Rd1 Qc7 13.b3 Nc5 14.Bb2 f6 15.Rd2 Rfd8
16.Rad1 Rxd2 17.Rxd2 b5 18.a3 Rd8 19.Qe1 Rxd2 20.Nxd2 Qd7 21.Bf1 Ne6 22.c4 b4
23.a4 Ng5 24.Bc1 Nxh3+ 25.Bxh3 Qxh3 26.Qe3 Qg4 27.Kg2 Qd1 28.Nf1 Bf8 29.Bd2 a5
30.Nh2 Qe2 31.Nf1 h6 32.Qxe2 Bxe2 33.Be3 c5 34.f3 h5 35.Nd2 Bd1 36.Kf2 Kf7
37.Ke1 Bc2 38.Ke2 g6 39.Ke1 Ke6 40.Ke2 Be7 41.Kf2 f5 42.Kg2 Bd1 43.Kh3 g5
44.exf5+ Kxf5 45.Kg2 g4 46.fxg4+ Kxg4 47.Bh6 Kf5 48.Kf2 Bc2 49.Ke2 Kg4 50.Bg7 Kxg3
51.Bxe5+ Kg2 52.Bc7 h4 53.Bxa5 Bd6 54.Nf3 Bd1+  0-1

[Event "5th Staunton Mem"]
[Site "London ENG"]
[Date "2007.08.07"]
[Round "1"]
[White "McNab,C"]
[Black "Sokolov,Iv NED"]
[Result "1-0"]
[WhiteElo "2416"]
[BlackElo "2666"]

1.Nf3 d5 2.g3 Bg4 3.Bg2 Nd7 4.d3 e6 5.Nbd2 Bd6 6.h3 Bh5 7.e4 c6 8.O-O Ne7
9.b3 O-O 10.Bb2 a5 11.a3 f6 12.Qe1 e5 13.d4 Qc7 14.c4 Bxf3 15.Bxf3 exd4 16.exd5 c5
17.Qe6+ Kh8 18.Ne4 Nc8 19.Bg2 Ra6 20.Nxd6 Nxd6 21.Qe2 a4 22.b4 b6 23.Bxd4 Raa8
24.bxc5 Nxc5 25.Rae1 Nb3 26.Bc3 Rae8 27.Qh5 Qxc4 28.Bb4 Nc5 29.Rc1 Qb5 30.Rfe1 f5
31.Rxe8 Rxe8 32.Bf1 Qd7 33.Bxc5 bxc5 34.Rxc5 Ne4 35.Bb5 Qd8 36.Qxe8+ Qxe8
37.Bxe8 Nxc5 38.d6 Kg8 39.Bxa4 Kf7 40.d7 Ke7 41.Bb5 f4 42.gxf4 Ne6 43.a4  1-0

[Event "Open"]
[Site "Callao PER"]
[Date "2007.08.08"]
[Round "1"]
[White "Bravo,Anthony"]
[Black "Hungaski,R"]
[Result "1-0"]
[WhiteElo "2158"]
[BlackElo "2399"]

1.Nf3 d5 2.g3 Nf6 3.Bg2 c6 4.O-O Bf5 5.b3 e6 6.Bb2 Be7 7.d3 h6 8.Nbd2 O-O
9.Ne5 a5 10.e4 Bh7 11.a4 Qb6 12.Kh1 Na6 13.f4 dxe4 14.dxe4 Rad8 15.Qe2 Nc5
16.Ndc4 Qc7 17.f5 exf5 18.exf5 Nd5 19.Ng4 Rde8 20.Qd2 h5 21.Qh6 f6 22.Qxh5 Nb4
23.Nge3 Bd6 24.Rad1 Rd8 25.Rd4 Bxg3 26.hxg3 Rxd4 27.Bxd4 Nd7 28.Rf4 Rf7 29.Rh4 Nf8
30.Bc5 g6 31.fxg6 Nxg6 32.Rg4  1-0

[Event "Open"]
[Site "Dubna RUS"]
[Date "2007.08.08"]
[Round "8"]
[White "Burkov,G"]
[Black "Lugovoy,D"]
[Result "1-0"]
[WhiteElo "2149"]
[BlackElo "2010"]

1.Nf3 d5 2.g3 Nf6 3.Bg2 Nbd7 4.d4 c6 5.O-O e6 6.Nbd2 Bd6 7.c4 O-O 8.Qc2 b5
9.b3 Ba6 10.c5 Bc7 11.Bb2 Ne8 12.e4 f5 13.e5 g5 14.Rfe1 Rf7 15.Nf1 Nf8 16.Bc1 g4
17.Bg5 Qd7 18.Nh4 Bd8 19.Qd2 Ng6 20.Nxg6 hxg6 21.b4 Bxg5 22.Qxg5 Rg7 23.f3 gxf3
24.Bxf3 Qe7 25.Qxe7 Rxe7 26.Be2 Bc8 27.a4 bxa4 28.Rxa4 a6 29.Rea1 Nc7 30.Nd2 Rb8
31.Nb3 Nb5 32.Bxb5 Rxb5 33.Na5 Rc7 34.Kf2 Rb8 35.h4 Kg7 36.Ke3 Bd7 37.Kf4 Rh8
38.Nb3 Bc8 39.Nd2 Bb7 40.Nf3 Rf7 41.Ng5 Re7 42.Rh1 Bc8 43.Ke3 Kh6 44.Nh3 Kg7
45.Raa1 Ra7 46.Nf4 Rf7 47.Rhg1 Rff8 48.Rg2 Kf7 49.Rag1 Rh7 50.Rh2 Rfh8 51.Nh3 Rg7
52.Ng5+ Ke7 53.Kf4 Rgg8 54.Ra1 Rh6 55.Rha2 Rhh8 56.Rxa6 Bxa6 57.Rxa6 Rb8
58.Ra7+ Ke8 59.Nxe6 Rxb4 60.Kg5 Rb3 61.Kf6  1-0

[Event "Open"]
[Site "Dubna RUS"]
[Date "2007.08.08"]
[Round "8"]
[White "Pugachov,V"]
[Black "Nasonov,V"]
[Result "1/2-1/2"]
[WhiteElo "2074"]
[BlackElo "2264"]

1.Nf3 d5 2.g3 e6 3.Bg2 Nf6 4.d3 b6 5.O-O Bb7 6.c3 Bd6 7.d4 O-O 8.Bg5 Nbd7
9.Nbd2 h6 10.Bf4 Qe7 11.Re1 e5 12.dxe5 Nxe5 13.Nd4 Qd7 14.Qc2 Ng6 15.Bxd6 Qxd6
16.e4 dxe4 17.Nxe4 Nxe4 18.Bxe4 Bxe4 19.Rxe4 c5 20.Nb5 Qc6 21.c4 f5 22.Re2 Rf6
23.f4 Nf8 24.Rd1 a6 25.Nc3 Ne6 26.Nd5 Rf7 27.Qd3 Kh7 28.Rde1 Nd4 29.Re7 Raf8
30.b3 b5 31.Qe3 Rxe7 32.Qxe7 Rb8 33.Qa7 Re8 34.Re7 Rg8 35.Rc7 Qe6 36.Re7 Qc6  1/2-1/2

[Event "UTwente YM"]
[Site "Hengelo NED"]
[Date "2007.08.08"]
[Round "4"]
[White "Ernst,S"]
[Black "Michielsen,J"]
[Result "1/2-1/2"]
[WhiteElo "2555"]
[BlackElo "2314"]

1.Nf3 d5 2.g3 Bg4 3.Ne5 Bf5 4.c4 Nd7 5.Nxd7 Qxd7 6.Qb3 Qc6 7.Bg2 Be4 8.f3 dxc4
9.Qc3 Bg6 10.b3 cxb3 11.Qxc6+ bxc6 12.axb3 Bxb1 13.Rxb1 Rb8 14.f4 Kd7 15.Rf1 e6
16.Rf3 Bd6 17.Ra1 Rb7 18.e4 Ne7 19.Rd3 Kc8 20.Bb2 Rg8 21.Ra6 g6 22.Bf6 Bb4
23.Kd1 Re8 24.Kc2 Kb8 25.Rd7 Kc8 26.Rd4 Kb8 27.Bf3 Bc5 28.Rd3 Rb6 29.Ra4 Bb4
30.Bd4 c5 31.Bf6 Rd6 32.Be2 Nc6 33.Rxd6 cxd6 34.Bb5 Rc8 35.Kd3 a5 36.Ra1 Nd4
37.Bxd4 cxd4 38.Bc4 Rc5 39.Ke2 Kc7  1/2-1/2

[Event "ch-AUT"]
[Site "Tweng AUT"]
[Date "2007.08.08"]
[Round "5"]
[White "Stanec,N"]
[Black "Schachinger,M"]
[Result "1-0"]
[WhiteElo "2504"]
[BlackElo "2284"]

1.Nf3 d5 2.g3 c6 3.Bg2 Nf6 4.d3 Nbd7 5.O-O e5 6.e4 dxe4 7.dxe4 Bc5 8.Nbd2 O-O
9.a3 a5 10.b3 Re8 11.Bb2 Qc7 12.c3 b6 13.b4 Bf8 14.Qc2 Bb7 15.Rfe1 c5 16.bxa5 bxa5
17.Nc4 Nb6 18.Nfd2 Nfd7 19.Bf1 Bc6 20.a4 Nxc4 21.Nxc4 Nb6 22.Nxb6 Qxb6 23.Bc4 Rab8
24.Bc1 h6 25.Qe2 Qc7 26.f3 Rb7 27.Rd1 Reb8 28.Qd3 Rb6 29.Be3 Rb2 30.Rd2 Rxd2
31.Qxd2 Be7 32.Qa2 Be8 33.Rd1 Rd8 34.Rf1 Bd6 35.Rb1 Rb8 36.Bb5 Kf8 37.c4 f6
38.Bxe8 Kxe8 39.Rb5 Rxb5 40.axb5 Qa7 41.Qa4 Ke7 42.Kf2 Bc7 43.Ke2 Bb6 44.g4 Kf8
45.Qa3 a4 46.Kd3 Ke7 47.Kc2 Kd8 48.f4 exf4 49.Bxf4 Ke8 50.Bc1 Qd7 51.Qxa4 Qxg4
52.Qa8+ Kf7 53.Bd2 Qe6 54.Qd5 g5 55.Kd3 Qxd5+ 56.cxd5 h5 57.h3 Ke7 58.e5 fxe5
59.Bxg5+ Kd6 60.Ke4 c4 61.Bd2 Kc5 62.Kxe5 Kxb5 63.d6 Ka4 64.d7 Kb3 65.Bg5  1-0

[Event "HZ Open"]
[Site "Vlissingen NED"]
[Date "2007.08.08"]
[Round "6"]
[White "Struk,J"]
[Black "Sebag,M"]
[Result "0-1"]
[WhiteElo "2240"]
[BlackElo "2491"]

1.Nf3 d5 2.g3 Nf6 3.Bg2 c6 4.O-O Bg4 5.d3 Nbd7 6.c4 e6 7.Nc3 Bd6 8.cxd5 cxd5
9.e4 O-O 10.exd5 exd5 11.h3 Bf5 12.Nb5 Bc5 13.Bf4 Qb6 14.a4 a6 15.Nc7 Rac8
16.a5 Qxb2 17.Nh4 Be6 18.Qf3 Ne5 19.Bxe5 Qxe5 20.Nxe6 fxe6 21.Rae1 Qd6 22.Qe2 Qxg3
23.Qxe6+ Kh8 24.Nf5 Qg5 25.Re5 Rce8 26.Ne7 Qh6  0-1

[Event "Open"]
[Site "Dubna RUS"]
[Date "2007.08.09"]
[Round "10"]
[White "Pugachov,V"]
[Black "Voronkov,D"]
[Result "1/2-1/2"]
[WhiteElo "2074"]
[BlackElo "1986"]

1.Nf3 d5 2.g3 Nf6 3.Bg2 Bg4 4.d3 e6 5.Nbd2 c5 6.h3 Bxf3 7.Nxf3 Nc6 8.c3 Be7
9.Qc2 b5 10.O-O O-O 11.b3 Qc7 12.Bb2 Rac8 13.Nd2 Rfd8 14.e3 Qb6 15.Rac1 d4
16.cxd4 cxd4 17.Bxc6 dxe3 18.Nf3 Nd5 19.Bd4 Qa5 20.Qe2 Ba3 21.Bb2 Bxb2 22.Qxb2 Nb4
23.Be4 Rxc1 24.Rxc1 exf2+ 25.Kh2 f5 26.a3 fxe4 27.axb4 Qb6 28.dxe4 Qe3 29.Kg2 Qxe4
30.Qxf2 Rf8 31.Rc7 Qd5 32.Qe2 Qxb3 33.Rxa7 Re8 34.Rd7 Qc4 35.Qe5 Qc2+ 36.Rd2 Qc4
37.h4 Rf8 38.Rd7 Qc2+ 39.Kh3 Qf5+ 40.Qxf5 exf5 41.Rb7 f4 42.Rxb5 h6 43.Rb7 fxg3
44.Kxg3 Kh7 45.Ng5+ hxg5 46.hxg5 Rd8 47.b5 Rd4 48.b6 Rb4 49.Kf3 Kg6 50.Ke3 Kxg5
51.Rxg7+ Kf6 52.Rh7 Ke6 53.Kd3 Kd6  1/2-1/2

[Event "Open"]
[Site "Dubna RUS"]
[Date "2007.08.09"]
[Round "10"]
[White "Turutin,A"]
[Black "Denisov,Sergei"]
[Result "1/2-1/2"]
[WhiteElo "2331"]
[BlackElo "2210"]

1.Nf3 d5 2.g3 h6 3.Bg2 Bf5 4.O-O e6 5.d3 Nf6 6.Nc3 Be7 7.Nd2 c6 8.e4 dxe4
9.dxe4 Bh7 10.Qe2 O-O 11.Nb3 Nbd7 12.Be3 Qc8 13.a4 Bb4 14.Na2 Be7 15.f3 Ne8
16.c4 Nc7 17.Nac1 Rd8 18.Nd3 Bf8 19.a5 Kh8 20.Rfd1 Na6 21.Qf2 Qc7 22.Rd2 b6
23.axb6 axb6 24.Rad1 Nb4 25.c5 Nxd3 26.Rxd3 Nxc5 27.Nxc5 Bxc5 28.Bxc5 Rxd3
29.Rxd3 Ra1+ 30.Bf1 bxc5 31.Qxc5 Qa7 32.Rd8+ Bg8 33.Qxa7 Rxa7 34.Bc4 Rc7
35.e5 g5 36.f4 gxf4 37.gxf4 Kg7 38.Kf2 Bh7 39.Ke3 Rb7 40.b3 Bc2 41.Rd2 Bg6
42.Ra2 c5 43.Ra5 Bc2 44.Rxc5 Bxb3 45.Rb5 Rxb5 46.Bxb5 Bc2 47.Kd4 Kf8 48.Be2 Bg6
49.Bf3 Ke7 50.Bg4 Bh7  1/2-1/2

[Event "Open"]
[Site "Dubna RUS"]
[Date "2007.08.09"]
[Round "10"]
[White "Bounin,M"]
[Black "Rysbayeva,K"]
[Result "1-0"]
[WhiteElo "2265"]
[BlackElo "2008"]

1.Nf3 d5 2.g3 Bg4 3.Bg2 Nf6 4.c4 dxc4 5.Qa4+ c6 6.Qxc4 e6 7.O-O Be7 8.Nc3 Nbd7
9.d3 O-O 10.Qb3 Qc7 11.a4 e5 12.Be3 Nb6 13.Rfc1 Be6 14.Qc2 Nfd5 15.Nxd5 Nxd5
16.Bc5 f6 17.a5 a6 18.Nd2 Bxc5 19.Qxc5 Rad8 20.Ra4 Qd7 21.Ne4 Nc7 22.Qc2 Qf7
23.Nc5 Nb5 24.Rb4 Bd5 25.Bh3 f5 26.e4 Nd4 27.Rxd4 exd4 28.exd5 Rxd5 29.Qb3 Re5
30.Kf1 Qxb3 31.Nxb3 Rb5 32.Nxd4 Rxa5 33.f4 g6 34.Nf3 Rb5 35.Rc2 Rd8 36.Ne5 Rd4
37.Kf2 Rdb4 38.Nc4 Rd5 39.Bf1 Kf7 40.Ke3 Rb3 41.Rd2 Kf6 42.Be2 Rd8 43.Bd1 Rb4
44.b3 Re8+ 45.Ne5 c5 46.Bc2 Rd4 47.Kf2 Rd6 48.Re2 Red8 49.Ke1 b5 50.Kd2 Rc8
51.Kc3 Rd4 52.Nf3 Rd6 53.Re5 h6 54.Re2 Rd5 55.Ne5 Rd4 56.b4 Rd5 57.Bb3 cxb4+
58.Kxb4 Rd4+ 59.Ka5 Rc3 60.Bc2 Rd6 61.Kb4 Rc8 62.Nf3 Rd5 63.Rd2 Ra8 64.Ka5 Rd6
65.d4 Rc8 66.d5 Rc5 67.Bb3 Rc1 68.Nd4 Re1 69.Kb4 Rc1 70.Rc2 Ra1 71.Kc5 Rd8
72.Nc6 Rd7 73.d6 Rd1 74.Bd5 b4 75.Nxb4 a5 76.Nc6 a4 77.Ne5 Rd8 78.d7 g5 79.Kd6 gxf4
80.gxf4 Rd4 81.Rg2 Rxd5+ 82.Kxd5 a3 83.Rg6+ Ke7 84.Nc6+ Kf7 85.Ne5+ Ke7 86.Ra6 Rg8
87.Rxa3 Rg2 88.Ra8  1-0

[Event "Petrovskaya Ladya IM1"]
[Site "Peterhof RUS"]
[Date "2007.08.09"]
[Round "7"]
[White "Zhidkov,V"]
[Black "Gavrilov,O"]
[Result "1/2-1/2"]
[WhiteElo "2353"]
[BlackElo "2320"]

1.Nf3 d5 2.g3 Nf6 3.Bg2 c6 4.b3 Bg4 5.Bb2 Nbd7 6.d4 e6 7.Nbd2 Be7 8.O-O O-O
9.Re1 Qa5 10.a3 Rfd8 11.c4 b5 12.b4 Qc7 13.c5  1/2-1/2

[Event "ch-Euro Rapid Women"]
[Site "Predeal ROM"]
[Date "2007.08.09"]
[Round "7"]
[White "Dragomirescu,An"]
[Black "Traistaru,T"]
[Result "0-1"]
[WhiteElo "2227"]
[BlackElo "2137"]

1.Nf3 d5 2.g3 Nf6 3.Bg2 c6 4.O-O Qc7 5.d3 e5 6.Re1 Bd6 7.e4 O-O 8.Nbd2 Rd8
9.c3 h6 10.Qc2 Be6 11.h3 Nbd7 12.Nf1 Nc5 13.b4 Ncd7 14.Bb2 Nb6 15.Ne3 dxe4
16.dxe4 Nc4 17.Nxc4 Bxc4 18.Bf1 Bxf1 19.Kxf1 c5 20.Qb3 Rac8 21.Rac1 c4 22.Qc2 Qc6
23.a4 a6 24.Nh4 Rd7 25.Rcd1 Rcd8 26.Kg2 Bf8 27.Rxd7 Rxd7 28.Nf3 Bd6 29.Qe2 Bc7
30.Nd2 Rxd2 31.Qxd2 Nxe4 32.Qe3 Nxf2+ 33.Qf3 Nd3 34.Qxc6 Nxe1+ 35.Kf1 bxc6
36.Kxe1 f5 37.Bc1 Kf7 38.Ke2 Ke6 39.Kf3 e4+ 40.Kf2 Be5 41.Bd2 g5 42.Kg2 f4
43.gxf4 gxf4 44.Be1 Kf5 45.Kf2 Bb8 46.Ke2 f3+ 47.Kf2 Ba7+ 48.Kg3 f2 49.Bxf2 Bxf2+
50.Kxf2 Kf4 51.Ke2 e3 52.h4 h5 53.Ke1 Kg3 54.Ke2 Kxh4 55.Kxe3 Kg3 56.Kd4 h4
57.Kxc4 h3 58.Kc5 h2 59.Kxc6 h1=Q+ 60.Kb6 Qh6+ 61.Kb7 Qe6 62.b5 axb5 63.axb5 Qc4
64.b6 Qxc3 65.Kb8 Qe5+ 66.Ka7 Qc5 67.Ka8 Kf4 68.b7 Qa5+ 69.Kb8 Ke5 70.Kc8 Qa6
71.Kc7 Qd6+ 72.Kc8 Ke6 73.b8=N Qb6 74.Nd7 Qc6+  0-1

[Event "FSIMB August"]
[Site "Budapest HUN"]
[Date "2007.08.10"]
[Round "5"]
[White "Balog,M"]
[Black "Koczo,K"]
[Result "1-0"]
[WhiteElo "2262"]
[BlackElo "2251"]

1.Nf3 d5 2.g3 c6 3.Bg2 Bg4 4.O-O Nd7 5.d3 e6 6.Nbd2 Bd6 7.h3 Bh5 8.Qe1 Ne7
9.e4 Qc7 10.c3 O-O 11.d4 f6 12.c4 Bb4 13.exd5 exd5 14.a3 Bxf3 15.Qe6+ Rf7
16.Nxf3 Qd6 17.Qe2 dxc4 18.Bf4  1-0

[Event "6th Int Open"]
[Site "Davos SUI"]
[Date "2007.08.10"]
[Round "5"]
[White "Benkovic,P"]
[Black "Turner,Ma"]
[Result "1/2-1/2"]
[WhiteElo "2465"]
[BlackElo "2483"]

1.Nf3 d5 2.g3 Nf6 3.Bg2 e6 4.O-O Be7 5.c4 O-O 6.b3 b6 7.Bb2 Bb7 8.e3 c5 9.Nc3 Nbd7
10.Qe2 Rc8 11.Rac1 Qc7 12.cxd5 Nxd5 13.d4 Nxc3  1/2-1/2

[Event "RC Sport Open"]
[Site "Ceska Trebova CZE"]
[Date "2007.08.11"]
[Round "3"]
[White "Mojzis,Jar"]
[Black "Krejci,Jan2"]
[Result "0-1"]
[WhiteElo "2190"]
[BlackElo "2315"]

1.Nf3 d5 2.g3 c6 3.Bg2 Bg4 4.b3 Nf6 5.Bb2 Nbd7 6.c4 e6 7.O-O Bd6 8.d4 Bc7
9.Nbd2 O-O 10.Ne5 Nxe5 11.dxe5 Nd7 12.f4 Bb6+ 13.Kh1 Nc5 14.h3 Bh5 15.g4 Bg6
16.b4 Ne4 17.Nxe4 Bxe4 18.Bxe4 dxe4 19.Qc2 a5 20.c5 Bc7 21.b5 cxb5 22.Qxe4 Qe7
23.Bd4 Rad8 24.e3 Bb8 25.Rac1 Ba7 26.Rf2 Rc8 27.Rfc2 Rc6 28.f5 Qh4 29.Qf3 Rfc8
30.f6 b6 31.e4 bxc5 32.Bf2 Qg5 33.Bg3 c4 34.Bf4 Qg6 35.h4 gxf6 36.h5 Qg7
37.exf6 Qxf6 38.g5 Qg7 39.Qg3 Bd4 40.Rd1 e5 41.Be3 Bxe3 42.Qxe3 c3 43.Rd5 b4
44.Rxa5 Rd8 45.Rd5 Rxd5 46.exd5 Rc4 47.Qg3 Rd4 48.h6 Qg6 49.Re2 Qh5+  0-1

[Event "5th Staunton Mem"]
[Site "London ENG"]
[Date "2007.08.11"]
[Round "5"]
[White "McNab,C"]
[Black "Wells,P"]
[Result "1/2-1/2"]
[WhiteElo "2416"]
[BlackElo "2517"]

1.Nf3 d5 2.g3 Bg4 3.Bg2 Nd7 4.O-O c6 5.d3 e6 6.Nbd2 Bd6 7.b3 Ne7 8.Bb2 O-O
9.e4 a5 10.a3 b5 11.Qe1 Re8 12.Qe3 h6 13.c4 bxc4 14.dxc4 e5 15.cxd5 cxd5
16.exd5 Nxd5 17.Qd3 Be6 18.Nc4 Nc5 19.Qd1 f6 20.Ng5 hxg5 21.Bxd5 Bf8 22.Bxe6+ Rxe6
23.Qxd8 Rxd8 24.Nxa5 Nxb3 25.Nxb3 Rb8 26.Nd4 exd4 27.Bxd4 Ra6 28.Kg2  1/2-1/2

[Event "ch-SLO"]
[Site "Ljubljana SLO"]
[Date "2007.08.12"]
[Round "2"]
[White "Skoberne,J"]
[Black "Pavasovic,D"]
[Result "0-1"]
[WhiteElo "2479"]
[BlackElo "2584"]

1.Nf3 d5 2.g3 Bg4 3.Bg2 Nd7 4.d4 c6 5.Nbd2 Ngf6 6.O-O e6 7.Re1 Be7 8.e4 O-O
9.c3 Bh5 10.Qb3 Qc7 11.e5 Ne8 12.Nf1 a5 13.a4 c5 14.Ne3 Ra6 15.Qa2 Qb6 16.g4 Bg6
17.b3 Be4 18.Ba3 f6 19.exf6 Nexf6 20.c4 Bd6 21.Rad1 cxd4 22.Nxd4 Bxg2 23.Nxg2 Bxa3
24.Qxa3 Nxg4 25.Qe7 Nc5 26.cxd5 exd5 27.Qg5 Nxf2 28.Qxd5+ Kh8 29.Rf1 Qf6
30.Ne3 Nce4 31.Rde1 Qg6+ 32.Ng2 Nh3+ 33.Kh1 Rxf1+ 34.Rxf1  0-1

[Event "Romanian Open"]
[Site "Predeal ROM"]
[Date "2007.08.12"]
[Round "2"]
[White "Rusan,P"]
[Black "Szabo,G ROM"]
[Result "0-1"]
[WhiteElo "2279"]
[BlackElo "2524"]

1.Nf3 d5 2.g3 Nc6 3.Bg2 e5 4.d3 f6 5.O-O Be6 6.e4 Qd7 7.exd5 Bxd5 8.Nc3 Be6
9.Re1 O-O-O 10.Be3 Bg4 11.a3 Nge7 12.b4 Nf5 13.Qb1 h5 14.Nd2 h4 15.Nc4 Ncd4
16.a4 Bf3 17.Bf1 hxg3 18.fxg3 Nxg3 19.hxg3 Qg4 20.Ne4 Rh1+ 21.Kf2 Bxe4 22.Nd2  0-1

[Event "17th Chess Festival"]
[Site "Abu Dhabi UAE"]
[Date "2007.08.14"]
[Round "3"]
[White "Amin,B"]
[Black "Ganguly,S"]
[Result "1-0"]
[WhiteElo "2535"]
[BlackElo "2586"]

1.Nf3 d5 2.g3 Nf6 3.Bg2 c6 4.O-O Bg4 5.h3 Bh5 6.d3 Nbd7 7.Qe1 e5 8.e4 Bd6
9.Nh4 O-O 10.f4 exf4 11.gxf4 dxe4 12.dxe4 Nxe4 13.Bxe4 Re8 14.Nf5 Bc5+ 15.Kh2 Nf6
16.Qc3 Rxe4 17.Qxc5 Re2+ 18.Kg1 Qd7 19.Nc3 b6 20.Qc4 Qxf5 21.Nxe2 Qxh3 22.Qb3 Qxb3
23.axb3 Bxe2 24.Re1 Bf3 25.Re7 a6 26.c4 c5 27.Bd2 h5 28.Bc3 Ng4 29.Rf1 Bc6
30.Rd1 Rc8 31.Be1 a5 32.Bh4 Nh6 33.Ra7 f6 34.Ra6 Nf5 35.Bf2 Rb8 36.Bxc5 Bf3
37.Rxb6 Rc8 38.Rf1 Be4 39.Re1 Bf3 40.Rb5 h4 41.Bf2 g6 42.Rxa5 Kg7 43.Ra7+ Kh6
44.Rd7 Kh5 45.Kh2 Nh6 46.Rh7 Rd8 47.Re3 Bg4 48.Bxh4 Rd2+ 49.Kg3 g5 50.fxg5 fxg5
51.Rxh6+ Kxh6 52.Kxg4 Rd4+ 53.Kg3 gxh4+ 54.Kh3 Kg5 55.c5 Kf4 56.Rc3 Ke5 57.c6 Rd8
58.b4 Rc8 59.b5 Kd6 60.b4 Kc7 61.Kxh4 Rh8+ 62.Kg3  1-0

[Event "Open"]
[Site "Callao PER"]
[Date "2007.08.14"]
[Round "9"]
[White "Quinones,Ces"]
[Black "Hungaski,R"]
[Result "1-0"]
[WhiteElo "2268"]
[BlackElo "2399"]

1.Nf3 d5 2.g3 Nf6 3.Bg2 e6 4.O-O Be7 5.d3 c5 6.Nbd2 Nc6 7.e4 b6 8.Re1 Bb7
9.c3 Qc7 10.a3 dxe4 11.dxe4 O-O 12.Qe2 Rad8 13.e5 Nd7 14.h4 Ndb8 15.Nf1 Qd7
16.Ng5 h6 17.Qh5 Qe8 18.Nh3 f5 19.Qxe8 Rfxe8 20.Nf4 Kf7 21.h5 c4 22.g4 Bg5
23.gxf5 exf5 24.e6+ Kg8 25.Ng6 Bc8 26.Bxg5 hxg5 27.e7 Rd3 28.Ne3 Be6 29.Bf1 Nd7
30.Nxc4 Bxc4 31.Bxd3 Bxd3 32.Rad1 Nc5 33.b4 Bc2 34.Rd2 Nd3 35.Re6 Nce5 36.Nxe5 Bb3
37.c4 Nxe5 38.Rxe5 Bxc4 39.Rd7 a6 40.Rxf5 Be6 41.Rd8  1-0

[Event "Acropolis Open"]
[Site "Athens GRE"]
[Date "2007.08.16"]
[Round "3"]
[White "Dounis,A"]
[Black "Atakisi,U"]
[Result "1/2-1/2"]
[WhiteElo "2190"]
[BlackElo "2383"]

1.Nf3 d5 2.g3 Bg4 3.Bg2 Nd7 4.d4 c6 5.O-O Ngf6 6.Nbd2 e6 7.c4 Bd6 8.b3 O-O
9.Bb2 a5 10.Ne5 Bh5 11.a3 Qc7 12.Nxd7 Qxd7 13.Nf3 Qe7 14.Ne5 Nd7 15.Nxd7 Qxd7
16.Qc2 Bg6 17.e4 a4 18.b4 b5 19.cxb5 cxb5 20.Rac1 Rac8 21.Qe2 dxe4 22.Bxe4 Be7
23.Rfd1 Bxe4 24.Qxe4 Qd5 25.Qxd5 exd5 26.Re1 Bd6 27.Kg2 f6 28.Re6 Rxc1 29.Bxc1 Rd8
30.Bf4 Bxf4 31.gxf4 Rc8 32.Rd6 Rc3 33.Rxd5 Rxa3 34.Rxb5 Rb3 35.d5 a3 36.d6 Kf7
37.Rb7+ Ke6 38.d7 Ke7 39.d8=Q+ Kxd8 40.Rxg7 h5 41.Ra7 Rxb4 42.Rxa3 Rxf4 43.Re3 Kd7
44.Kg3 Rg4+ 45.Kf3 Rh4 46.Kg3 Rg4+ 47.Kh3  1/2-1/2

[Event "Acropolis Open"]
[Site "Athens GRE"]
[Date "2007.08.16"]
[Round "3"]
[White "Khetsuriani,B"]
[Black "Mastrovasilis,D"]
[Result "0-1"]
[WhiteElo "2367"]
[BlackElo "2541"]

1.Nf3 d5 2.g3 c6 3.Bg2 Bg4 4.O-O Nd7 5.d4 e6 6.Nbd2 Ngf6 7.Re1 Be7 8.e4 O-O
9.c3 c5 10.exd5 Nxd5 11.Nc4 cxd4 12.Qxd4 Bh5 13.Nfe5 Bc5 14.Qe4 Rc8 15.Nxd7 Qxd7
16.Qh4 Bg6 17.Ne5 Qd6 18.Bxd5 Qxd5 19.Nxg6 fxg6 20.Be3 Bxe3 21.Rxe3 Rxf2  0-1